| 000 | 00806nam a2200241 a 4500 | ||
|---|---|---|---|
| 001 | 1061 | ||
| 003 | BR-CuiBMT | ||
| 005 | 20231127235952.0 | ||
| 008 | 231110s2008 mgb 001 0 por d | ||
| 020 | _a9788577001132 | ||
| 040 |
_aBR-CuiBMT _cBR-CuiBMT |
||
| 080 |
_a342.24 _22007 |
||
| 090 |
_a342.24 _bK92l |
||
| 100 | 1 |
_aKrell, Andreas Joachim, _d1966- |
|
| 245 | 1 | 0 |
_aLeis de normas gerais, regulamentação do Poder Executivo e cooperação intergovernamental em tempos de reforma federativa / _cAndreas J. Krell. |
| 260 |
_aBelo Horizonte : _bFórum ; _c2008. |
||
| 300 |
_a155 p. : _c22 cm |
||
| 504 | _aInclui bibliografia. | ||
| 650 |
_aFederalismo _zBrasil _zAlemanha |
||
| 650 |
_aPoder executivo _zBrasil _zAlemanha |
||
| 650 |
_aCompetência legislativa _zBrasil _zAlemanha |
||
| 942 |
_2udc _cLV |
||
| 999 |
_c1061 _d1061 |
||